00543 2200169 4500001002100000008004100021035002000062245009700082100001500179260005000194300002600244020001800270084001600288082001000304650004600314990001300360INLIS000000000000257 ind  a0010-0120000257 aMembangun Akidah dan Akhlak 3buntuk Kelas IX Madrasah TsanawiyahcT. Ibrahim dan H. Darsono aIbrahim, T aSolo :bTiga Serangkai Pustaka Mandiri,c2003 axii, 148 hlm.c25 cm. a978-668-413-6 a2X5.1 IBR m a2X5.1 aAkidah dan Akhlak -- Studi dan Pengajaran a21900257